Normal view MARC view
  • PARTHASARATHI ,G .,NYFORT-HANSEN AND NAHATA , MILAP. C

Entry Personal Name

Number of records used in: 1

001 - CONTROL NUMBER

  • control field: 7934

003 - CONTROL NUMBER IDENTIFIER

  • control field: JRU

005 - DATE AND TIME OF LATEST TRANSACTION

  • control field: 20230816161748.0

008 - FIXED-LENGTH DATA ELEMENTS

  • fixed length control field: 230816|| aca||aabn | a|a d

040 ## - CATALOGING SOURCE

  • Original cataloging agency: JRU
  • Transcribing agency: JRU

100 ## - HEADING--PERSONAL NAME

  • Personal name: PARTHASARATHI ,G .,NYFORT-HANSEN AND NAHATA , MILAP. C

670 ## - SOURCE DATA FOUND

  • Source citation: Work cat.: (JRU)8300: PARTHASARATHI ,G .,NYFORT-HANSEN AND NAHATA , MILAP. C, A TEXT BOOK OF CLINICAL PHARMACY ESSENTIAL CONCEPTS AND SKILLS , 2022